000 00933nam a2200265 i 4500
001 175439
003 ES-MaACL
005 20230906215827.0
007 t|
008 101028s1977 sp o r ||||1| spa d
020 _a84-369-0204-1
080 _a73 Soria, Salvador
080 _a929 Soria, Salvador
100 1 _aBorja, Emanuel.
_9143759
245 1 0 _aS. Soria /
_cEmanuel Borja.
260 _a[Madrid] :
_bDirección General del Patrimonio Artístico y Cultural,
_cD. L. 1977.
300 _a125 p. :
_bfot. col. y n. ;
_c18 cm.
490 1 _aArtistas españoles contemporáneos. Escultores ;
_v143
504 _aBibliografía: p. 113-117.
600 1 4 _aSoria, Salvador.
_9143760
710 0 _aEspaña.
_bDirección General del Patrimonio Artístico y Cultural.
_93790
830 0 _aArtistas españoles contemporáneos. Escultores ;
_v143
_9189662
852 _aES-MaACL
_j2261-F-95
_xOlim P-1916
999 _c175439
_d175439